000 00361nam a2200133Ia 4500
005 20260326100034.0
008 260326s9999||||xx |||||||||||||| ||und||
100 _aOliver, Paul
245 0 _aDwellings :
_b The House across the World /
_cPaul Oliver
260 _bUniversity of Texas Press
300 _a256 p.
650 _aARQUITECTURA RESIDENCIAL
942 _cBK
999 _c6710
_d6710